Norma Chilena Oficial NCh 2121-1 Of91

Uloženo v:
Podrobná bibliografie
Korporace: Instituto Nacional de Normalización (Autor), INN (Autor)
Médium: Kniha
Jazyk:španělština
Vydáno: Santiago Instituto Nacional de Normalización 1991
Vydání:1a. ed
Témata:
Tagy: Přidat tag
Žádné tagy, Buďte první, kdo vytvoří štítek k tomuto záznamu!

MARC

LEADER 00000nam a2200000 a 4500
001 UCK5968
003 CL-VaPUC
008 050902e19910000CL |||||||||||||||||spa|d
082 0 4 |a 693.82  |b INS  |2 21 
110 2 |a Instituto Nacional de Normalización  |e author  |9 495015 
710 2 |a INN  |e author  |9 495016 
245 1 0 |a Norma Chilena Oficial NCh 2121-1 Of91 
246 1 0 |a Prevención de incendio en edificios - Parte 1: determinación del comportamiento de plásticos autosoportantes a la acción de una llama 
250 |a 1a. ed 
300 |a 9 p 
942 |c BK 
945 |d 20050902 00:00:00  |a cmena 
260 |a Santiago  |b Instituto Nacional de Normalización  |c 1991 
650 0 |a Prevención de incendios  |9 421376 
650 0 |a Edificios   |9 260501 
650 0 |a Materiales de construcción  |9 260197 
650 7 |a ENSAYOS DE LABORATORIO  |2 CL-VaPUC  |9 262663 
583 |a last modification  |c 20050902 00:00:00  |k Rodrigo Vera 
999 |c 314380  |d 314378